Their language of love / (Record no. 3768)
[ view plain ]
| 000 -LEADER | |
|---|---|
| fixed length control field | 00928cam a22003257i 4500 |
| 001 - CONTROL NUMBER | |
| control field | 17740065 |
| 003 - CONTROL NUMBER IDENTIFIER | |
| control field | Nust |
| 005 - DATE AND TIME OF LATEST TRANSACTION | |
| control field | 20210215094929.0 |
| 008 - FIXED-LENGTH DATA ELEMENTS--GENERAL INFORMATION | |
| fixed length control field | 130516s2013 ii 000 1 eng |
| 010 ## - LIBRARY OF CONGRESS CONTROL NUMBER | |
| LC control number | 2013316939 |
| 020 ## - INTERNATIONAL STANDARD BOOK NUMBER | |
| International Standard Book Number | 9780670086566 |
| 025 ## - OVERSEAS ACQUISITION NUMBER | |
| Overseas acquisition number | I-E-2013-316939; 26-90 |
| 037 ## - SOURCE OF ACQUISITION | |
| Source of stock number/acquisition | Library of Congress -- New Delhi Overseas Office |
| 038 ## - RECORD CONTENT LICENSOR | |
| Staff Name | A |
| 040 ## - CATALOGING SOURCE | |
| Original cataloging agency | DLC |
| Language of cataloging | eng |
| Transcribing agency | DLC |
| Description conventions | rda |
| Modifying agency | DLC |
| 042 ## - AUTHENTICATION CODE | |
| Authentication code | lcode |
| 050 00 - LIBRARY OF CONGRESS CALL NUMBER | |
| Classification number | MLCS 2012/01582 (P) |
| -- | PR9540.9.S53 |
| 082 ## - DEWEY DECIMAL CLASSIFICATION NUMBER | |
| Classification number | 823.914 |
| 100 1# - MAIN ENTRY--PERSONAL NAME | |
| Personal name | Sidhwa, Bapsi. |
| 9 (RLIN) | 9819 |
| 245 10 - TITLE STATEMENT | |
| Title | Their language of love / |
| Statement of responsibility, etc. | Bapsi Sidhwa. |
| 264 #1 - PRODUCTION, PUBLICATION, DISTRIBUTION, MANUFACTURE, AND COPYRIGHT NOTICE | |
| Place of production, publication, distribution, manufacture | New Delhi : |
| Name of producer, publisher, distributor, manufacturer | Penguin, Viking, |
| Date of production, publication, distribution, manufacture, or copyright notice | 2013. |
| 300 ## - PHYSICAL DESCRIPTION | |
| Extent | 253 pages ; |
| Dimensions | 21 cm |
| 336 ## - CONTENT TYPE | |
| Content type term | text |
| Source | rdacontent |
| 337 ## - MEDIA TYPE | |
| Media type term | unmediated |
| Source | rdamedia |
| 338 ## - CARRIER TYPE | |
| Carrier type term | volume |
| Source | rdacarrier |
| 500 ## - GENERAL NOTE | |
| General note | Short stories. |
| 906 ## - LOCAL DATA ELEMENT F, LDF (RLIN) | |
| a | 7 |
| b | cbc |
| c | origode |
| d | 4 |
| e | ncip |
| f | 20 |
| g | y-gencatlg |
| 942 ## - ADDED ENTRY ELEMENTS (KOHA) | |
| Source of classification or shelving scheme | |
| Koha item type | Book |
| Withdrawn status | Lost status | Source of classification or shelving scheme | Damaged status | Not for loan | Permanent Location | Current Location | Shelving location | Date acquired | Total Checkouts | Total Renewals | Full call number | Barcode | Date last seen | Date last checked out | Price effective from | Koha item type |
|---|---|---|---|---|---|---|---|---|---|---|---|---|---|---|---|---|
| Central Library (CL) | Central Library (CL) | General Stacks | 12/06/2016 | 4 | 1 | 823.914 SID | S3H-S-315 | 03/17/2026 | 09/10/2024 | 12/06/2016 | Book |
